| 000 | 00355 a2200133 4500 | ||
|---|---|---|---|
| 001 | 66284 | ||
| 082 | _a621.3813 SCO | ||
| 090 |
_c38527 _d38527 |
||
| 100 | _aScott, Allan W | ||
| 245 |
_aUnderstanding Microwaves _cAllan W Scott |
||
| 260 |
_aNew Jersy _bJohn Wiley and Sons _c2005 |
||
| 300 |
_axiv, 545p. _bOriginal |
||
| 500 | _aBE textbook Avionics | ||
| 942 |
_aNUST-CAE _k621.3813 SCO |
||
| 999 |
_c301357 _d301357 |
||